Derecho educacional en el Mercosur : lagunas jurídicas en las Leyes 26206 de Argentina y 9394 de Brasil /
Guardado en:
| Autor Principal: | |
|---|---|
| Formato: | Libro |
| Idioma: | Spanish |
| Publicado: |
Ciudad Autónoma de Buenos Aires :
Dunken,
2013.
|
| Edición: | 1a. ed. |
| Materias: | |
| Etiquetas: |
Agregar Etiqueta
Sin Etiquetas, Sea el primero en etiquetar este registro!
|
| LEADER | 00607nam a22001695a 4500 | ||
|---|---|---|---|
| 001 | DER.der014473 | ||
| 008 | 191119s2013####ag############000#0#spa#d | ||
| 005 | 20240322094613.0 | ||
| 245 | 1 | 0 | |a Derecho educacional en el Mercosur : |b lagunas jurídicas en las Leyes 26206 de Argentina y 9394 de Brasil / |c Valtenio Paes de Oliveira. |
| 250 | |a 1a. ed. | ||
| 260 | |a Ciudad Autónoma de Buenos Aires : |b Dunken, |c 2013. | ||
| 300 | |a 191 p. | ||
| 020 | |a 9789870267898 | ||
| 100 | 1 | |a Paes de Olivera, Valtenio. | |
| 650 | 7 | |a DERECHO A LA ENSEÑANZA | |
| 650 | 7 | |a CONSEJOS DE EDUCACION | |
| 859 | |a DERECHO |b BIB. DERECHO |h 340 |i PAE |p 009751 | ||
